000 004370000a22001810004500
003 MACL
005 20150819160435.0
008 150819b xxu||||| |||| 00| 0 eng d
040 _aMACL
_cMACL
041 _aEnglish
082 _a610/MIS
100 _aMisra, R P
_96305
245 _aMedical Geography of India
260 _bNational Book Trust
_c1970
_aNew Delhi
350 _a10.50
650 _aMedical
_96306
942 _cBK
_k610
_2ddc
999 _c7899
_d7899